000 00549nam a2200193Ia 4500
005 20250508154559.0
008 008 250505s9999 xx 000 0 eng d
037 _aBooks to be hide in OPAC
040 _aFEDL
_beng
_cFEDL
041 _aeng
_2eng
084 _a371.3, BHA/O
_qFEDL
100 _aBhatia Kamala
_9586467
245 0 _aPrinciples and methods of teaching
260 _aDelhi, India
_bDoaba House
_c1964
300 _a456p
700 _a Bhatia B D
_9765675
942 _cHB
_h371.3, BHA/O
999 _c1350995
_d1350995